Quizzes
Events
Quiz Creation
Community
Videos
Private Events
Remove Ads
Sign In
Join for FREE
Feedback
Dark Mode
Quiz Categories
Sports
Geography
Music
Movies
Television
Just For Fun
Miscellaneous
History
Literature
Language
Science
Gaming
Entertainment
Religion
Holiday
For Kids
Quiz Lab
Recent
Popular Today
Quiz Kudos Today
Editor Picks
Curator Picks
Quizzes by...
Day
Popularity
Type
Ratings
Length
Year
Community
Subscriptions
Recent Discussions
Orange Saloon
Badges
Playlists
Quests
Create
Leaderboards
Showdown
Live 5
Trivia Bingo
Activity
Puzzle Library
Sporcle Events
Private Events
Virtual Trivia
Globe League
Become a Host
Pub Owners
SporcleCon
Opinionation
Our Games
Videos
Blog
Mobile Apps
Partnerships
Remove Ads and Go Orange
Feedback
Literature
Harry Potter
A Song of Ice and Fire
The Hunger Games
Literary Character
Shakespeare
Book
Author
Novel
Poem
Young Adult
Children's Books
Play
Lord of the Rings
Literature
Harry Potter
A Song of Ice and Fire
The Hunger Games
Literary Character
Shakespeare
Book
Author
Novel
Poem
Young Adult
Children's Books
Play
Lord of the Rings
Random Quiz
Search Sporcle
×
Quiz Lab
Quiz Lab
Literature
Treasury
Type in answers that appear in a list
Type in answers that appear in a list
Classic
Best Score? Go Orange.
Scary Stories Treasury Stats
Can you name the Stories From The Scary Stories Treasury?
By
katerirosee
10m
82 Questions
213 Plays
213 Plays
213 Plays
Comments
Comments
Give Quiz Kudos
Give Quiz Kudos
-
- Ratings
hide this ad
Replay
Link that replays current quiz
Next Quiz
Link to next quiz in quiz playlist
You Got
0%
They Got
Avg Score
86%
Avg Friend Score
Upgrade to see
Score Distribution
Jump to the score distribution portion of the page
Score
0/82
Timer
10:00
0
Plays Today
% Correct
The Big Toe
95.8%
The Drum
93%
Harold
93%
The Babysitter
91.5%
Me Tie Dough-ty Walker
91.1%
The Dream
91.1%
The Haunted House
90.6%
The Viper
90.1%
The Window
90.1%
Bess
89.7%
Maybe You Will Remember
89.7%
The Hearse Song
89.2%
The Walk
88.7%
Alligators
88.7%
The Thing
88.3%
The Attic
88.3%
Something Was Wrong
88.3%
The Hook
87.8%
The Ghost With The Bloody Fingers
87.8%
What Do You Come For?
87.3%
One Sunday Morning
87.3%
Sounds
87.3%
Wonderful Sausage
87.3%
Hello, Kate
87.3%
Footsteps
87.3%
A Man Who Lived In Leeds
86.9%
The Bride
86.9%
The Bed By The Window
86.9%
% Correct
The Appointment
86.9%
Such Things Happen
86.9%
The Red Spot
86.9%
The Trouble
86.9%
A New Horse
86.4%
The Little Black Dog
86.4%
Oh Susannah
86.4%
The Bad News
86.4%
Just Delicious
86.4%
Cold As Clay
85.9%
High Beams
85.9%
Wait till Martin Comes
85.9%
The Wolf Girl
85.9%
Sam's New Pet
85.9%
The Hog
85.9%
Is Something Wrong?
85.9%
The White Wolf
85.4%
The Wendigo
85.4%
Clinkity Clink
85.4%
The Dead Man's Hand
85.4%
Room For One More
85%
A Weird Blue Light
85%
Thumpity Thump
85%
Faster And Faster
85%
The Dead Hand
85%
You May Be The Next
85%
May I Carry Your Basket?
84.5%
The White Satin Evening Gown
84.5%
% Correct
The Church
84.5%
The Black Dog
84.5%
Old Woman All Skin And Bone
84%
The Guests
84%
The Dead Man's Brains
84%
The Slithery Dee
84%
Aaron Kelly's Bones
84%
Rings On Her Fingers
84%
The Cat In A Shopping Bag
84%
The Bus Stop
84%
The Wreck
83.6%
Somebody Fell From Aloft
83.6%
A Ghost In The Mirror
83.6%
Strangers
83.6%
The Cat's Paw
83.1%
The Man In The Middle
83.1%
The Curse
83.1%
THUPPPPPPP
83.1%
The Girl Who Stood On A Grave
82.6%
Cemetary Soup
82.6%
The Brown Suit
82.6%
It's Him
82.6%
Like Cats' Eyes
82.2%
BA ROOOOM
81.7%
No, Thanks
81.7%
The Voice
80.3%
Quiz Playlist
Details
Report
Send in Message
Add To Playlist
Classic:
Type in answers that appear in a list
Last Updated: Feb 16, 2017
Quiz Scoreboard
CHALLENGE
Sign Up to Join the Scoreboard
Show All
Scores
Hide
Comments
May contain spoilers
Recently Published
Presidents Visiting Landmarks
by Hejman
History
7m
An Introduction to Baseball
by treessimontrees
Sports
5m
Movies - When Are They Set?
by FPL_Elf
Movies
5m
More to Explore
Quiz From the Vault
Featured Blog Post
Where Did the Easter Bunny Come From?
hide this ad
You Might Also Like...
Tags
Scary
Story
Treasury
Today's Top Quizzes in Literature
Browse Literature
hide this ad
Today's Top Quizzes in Treasury
Browse Treasury
Top Contributed Quizzes in Literature
1
Sneaky Slytherin Logic Puzzle
2
Get The Picture: Black or White Literature
3
A Court of Thorns and Roses (ACoTaR) Logic Puzzle
4
5-to-1: Plays
5
One Thing in Common: Literature
6
One Thing in Common: Literature 3
7
One Thing in Common: Literature II
8
Harry Potter Neighbourly Logic Puzzle #5
9
One Thing in Common: Books
10
Harry Potter Neighbourly Logic Puzzle #6
Explore More
Trending Topics
Marvel
Crossword
Disney
Anime
Harry Potter
Kpop
NBA
NFL
Country
The Office
Soccer
Pokémon
WWE
Puzzle
Song
hide this ad
More By:
katerirosee
Quiz
Plays
Rating
Category
Featured
Created
Finish The Line: The Golden Girls Edition
775
4.25
Television
Feb 19, 2012
Hard Trivia: Full House Edition
748
2.25
Television
Apr 9, 2012
Finish The Quote: Golden Girls Edition 2
524
3.67
Television
Apr 9, 2012
Finish The Quote: Golden Girls Edition 3
417
3.00
Television
Aug 2, 2012
Beyonce's B'Day
229
3.00
Music
Apr 9, 2012
Go to Creator's Profile
Score Distribution
Quiz Creator Spotlight
katerirosee
Follow
Send a Message
Quizzes Created
-
Created Quiz Play Count
-
More By This Creator
Popular Quizzes Today
1
Find the US States - No Outlines Minefield
2
Find the Countries of Europe - No Outlines Minefield
3
The Countries of the World
4
Find the US States
5
Popular People in 1961
6
US States
7
Risky Map Clicking: Biggest States A-Z
8
1-10 Letter E Words III
More Literature Quizzes
Harry Potter by School Year
Editor's Pick
Trending Quizzes
Risky Map Clicking: Least Populous States A-Z
1-10 Letter G Words
1-10 Letter F Words
Risky Map Clicking: Next State Alphabetically
Risky Map Clicking: Biggest States A-Z
Recently Updated
Leaping Animals
pecheneg
Reality TV Shows (A-Z)
bhenderson79
Rickey Henderson's Hall of Fame Teammates
pecheneg
Champions League XIs: Arsenal
pecheneg
Quick Pick: Celebrities in WWE's Hall of Fame
aduchscher
A-Z Keypad Blitz II
pecheneg
Multiple Oscar Actors
pecheneg
Mystery Phrase Blitz: Oscar 'Best Actors'
pecheneg
F. Scott Fitzgerald Novels
LTH
Pick 3 Villains
ddd62291
Trending Topics
Marvel
Anime
Harry Potter
Disney
Crossword
NBA
Kpop
WWE
Song
Country
NFL
Soccer
Puzzle
The Office
Pokémon
Your Account Isn't Verified!
In order to create a playlist on Sporcle, you need to verify the email address you used during registration. Go to your
Sporcle Settings
to finish the process.
Report this User
Report this user for behavior that violates our
Community Guidelines
.
Details:
Send Report
Go to the Sporcle.com Mobile Site →
Comments